000 00531nam a2200169 a 4500
001 000028762
005 20200930055125.0
008 110412s1985 dr 000 0 spa d
040 _aDO-SdBNP
_bspa
_cBNPHU
082 _axxx
_bC221p
100 1 _aCanelo, J. De Frank
_938208
245 1 0 _aPanorama y visión de la crisis económica latinoamericana /
_cJ. de Frank Canelo.
260 _aSanto Domingo :
_bCENAPEC,
_c1985.
300 _avii, 20 p. :
_bil. ;
_c19 cm.
500 _aIncluye notas al pie de las páginas
049 _aBNPD
999 _c28254
_d28254